Responses for show #4956 - Monday, March 13, 2006

Contestants

Lucretia Manning, a head cashier from Jesup, Georgia

Gerald McClanahan, a writer from Los Angeles, California

Chris Smith, an advertising creative director from Dallas, Texas (whose 1-day cash winnings total $15,799)

Jeopardy! Round responses

SCIENCE
SATURDAY NIGHT LIVE
(Alex: Yes, the TV series.)
EVERY TIM, DIRK OR GARY
OPERA QUEENS
CELL-PHONING IT IN
HOMOPHONES
    $200 1
bronze

Gerald
    $200 2
Will Ferrell

Gerald
    $200 20
Gary Player

Chris
    $200 25
Mary Stuart

Chris
    $200 16
(Alex: Oh, remember the lyric in the song, "one [*] sensation".)

Cingular

Triple Stumper
    $200 11
reign/rain

Lucretia
    $400 7
yeast

Chris
    $400 3
Billy Crystal

Chris
    $400 21
Gary Larson

Lucretia
    $400 26
(Chris: What is the Moon?)
...
(Alex: Should have gone for the more obvious one, a hymn to [*].)

the Sun

Chris
Triple Stumper
    $400 17
(Gerald: What is Verizon?)
(Lucretia: What is Home Depot?)

Nextel

ChrisGeraldLucretia
    $400 12
piers/peers

Chris
    $1,000 8
nitrous oxide (or laughing gas)

Chris
    $600 4
Phil Hartman

Gerald
    $600 22
Timothy Leary

Gerald
    $600 28
(Gerald: Who is Isabel? [*]?)

Queen Isabella

Gerald
    $600 18
T-Mobile

Chris
    $600 13
done/dun

Chris
    $800 9
osteoporosis

Chris
    $800 5
Chris Farley

Gerald
    $800 23
Tim Russert

Gerald
    $800 29
Elizabeth I

Lucretia
    $800 19
Verizon

Gerald
    $800 14
ate/eight

Chris
    $1000 10
parsec

Triple Stumper
    $1000 6
Hans & Franz

Lucretia
    $1000 24
Dirk Diggler

Gerald
    $1000 30
the Huguenots

Chris
    $1000 27
(Lucretia: What is Cellular One?)

Qwest

Lucretia
Triple Stumper
    $1000 15
cruel/crewel

Chris

Scores at the first commercial break (after clue 15):

Chris Gerald Lucretia
$5,400 $1,800 $1,200

Scores at the end of the Jeopardy! Round:

Chris Gerald Lucretia
$7,400 $5,200 $1,000

Double Jeopardy! Round responses

THE "NEW" WORLD
MUNICH
THE CONSTANT GARDENER
CRASH
WALK THE LINE
RECENT MOVIES
    $400 1
New Delhi

Chris
    $400 21
Sweden

Chris
    $400 26
a tulip

Lucretia
    $400 6
air bags

Gerald
    $400 16
on the dotted line

Gerald
    $400 11
Spielberg

Lucretia
    $800 2
(Gerald: What is New Brunswick and...)

Newfoundland & New Brunswick

ChrisGerald
    $800 22
the Holy Roman Emperor

Chris
    $800 27
(Lucretia: What is a violet?)
(Alex: Be--be more spec--)

an African violet

Lucretia
    $800 7
anti-lock braking system

Gerald
    $800 17
the chips

Chris
    $800 12
SAG (Screen Actors Guild)

Gerald
    $2,400 3
New Zealand

Chris
    $1200 23
a beer hall

Chris
    $1,400 28
(Lucretia: What is... I don't know.)
(Alex: What is [*]? Same first four letters as "gladiator".)

gladiola

Lucretia
    $1200 8
(Gerald: What is red?)

black

ChrisGerald
    $1200 18
the party line

Chris
    $1200 13
Folsom Prison

Lucretia
    $1600 4
New Castle

Triple Stumper
    $1600 24
Bavaria

Chris
    $1600 29
a cherry blossom

Chris
    $1600 9
crumple zones

Lucretia
    $1600 19
the straight & narrow

Chris
    $1600 14
Jamestown

Gerald
    $2000 5
(Gerald: What is New Spain?)

New Granada

Gerald
Triple Stumper
    $2000 25
Ludwig II

Triple Stumper
    $2000 30
(Alex: You see the roots wrapped in [*].)

burlapped

Triple Stumper
    $2000 10
the National Transportation Safety Board

Gerald
    $2000 20
(Lucretia: What is boundary lines?)

bounds

ChrisLucretia
    $2000 15
John le Carré

Gerald

Scores at the end of the Double Jeopardy! Round:

Chris Gerald Lucretia
$23,400 $9,200 $2,000
(lock game)

[wagering suggestions for these scores]

Final Jeopardy! Round responses

AMERICAN HISTORY
(Alex: This body existed in the late 1700s, after the Declaration of Independence.)
...
(Alex: [To Lucretia] Looks like you were going for House of Burgesses.)
LucretiaWhat [House of crossed out] House of B
$2,000
GeraldWhat is the confederacy
$1,000
ChrisWhat is the 2nd Continental Congress
$3,000
the Continental Congress

Final scores:

Chris Gerald Lucretia
$26,400 $8,200 $0
2-day champion: $42,199 2nd place: $2,000 3rd place: $1,000

Game dynamics:

Coryat scores:

Chris Gerald Lucretia
$21,800 $9,200 $3,400
26 R
(including 2 DDs),
1 W
16 R,
4 W
9 R,
4 W
(including 1 DD)

Combined Coryat: $34,400

The J! Archive is created by fans, for fans. The Jeopardy! game show and all elements thereof, including but not limited to copyright and trademark thereto, are the property of Jeopardy Productions, Inc. and are protected under law. This website is not affiliated with, sponsored by, or operated by Jeopardy Productions, Inc. Join the discussion at JBoard.tv.